| 000 | 00696nam a22002297a 4500 | ||
|---|---|---|---|
| 005 | 20220314122251.0 | ||
| 008 | 220314b ||||| |||| 00| 0 eng d | ||
| 040 | _cAL | ||
| 041 | _aEnglish | ||
| 082 |
_223 _a658.1512 _bJAIF |
||
| 100 |
_aS P Jain and others _923597 |
||
| 245 | _aFinancial Accounting and Reporting: II Sem BBA | ||
| 260 |
_aLudhiana _bKalyani Publishers _c2022 |
||
| 300 |
_a245 p. _bPB _c23x17 cm. |
||
| 365 |
_a6351 _b₹156.00 _c₹ _d₹195.0023 _e20% _f10-03-2022 |
||
| 650 |
_aFinancial Accounting _923598 |
||
| 700 |
_aJAIN (S P) _923599 |
||
| 700 |
_aNARANG (K L) _923600 |
||
| 700 |
_aAGARWAL (Simmi) _923601 |
||
| 700 |
_aSEHGAL (Monika) _923602 |
||
| 942 |
_2ddc _cBK |
||
| 999 |
_c221864 _d221864 |
||